| 000 | 00825cam a22002653a 4500 | ||
|---|---|---|---|
| 001 | 14134 | ||
| 003 | PGUSA | ||
| 005 | 20140828083313.0 | ||
| 008 | 041123s2004||||xxu|||||s|||||000 | eng d | ||
| 040 |
_aPGUSA _beng |
||
| 042 | _adc | ||
| 050 | 4 | _aDS | |
| 100 | 1 |
_aGarbe, Richard, _d1857-1927 |
|
| 245 | 1 | 0 |
_aAkbar, Emperor of India : _bA Picture of Life and Customs from the Sixteenth Century _h[electronic resource] / _cRichard Garbe |
| 260 |
_bProject Gutenberg, _c2004 |
||
| 506 | _aPublic domain in the USA. | ||
| 516 | _aElectronic text | ||
| 653 | _aMogul Empire | ||
| 653 | _aAkbar, Emperor of Hindustan, 1542-1605 | ||
| 700 | 1 |
_aRobinson, Lydia Gillingham, _d1875- |
|
| 740 | 0 | _aKaiser Akbar. English | |
| 830 | 0 |
_aProject Gutenberg _v14134 |
|
| 856 | 4 | 0 | _uhttp://www.gutenberg.org/ebooks/14134 |
| 942 | _cEB | ||
| 999 |
_c243389 _d243389 |
||